000 00285nam a2200121Ia 4500
008 190216s9999||||xx |||||||||||||| ||und||
100 _aRajeev Ne
245 0 _aElectro Dynamics
260 _bCalicut University Publications
_c2002
300 _a676p
650 _aPhysics
942 _cBK
999 _c33713
_d33713